000 00883nmm a2200265 a 4500
001 ocm0001062006
003 TR-IsHL
005 20201028151338.0
008 150709s2000 tu tur
007 cr cn
020 _a9789759396428
035 _a1062006
_b(N$T)
050 0 4 _aPL248.T363
_bN49 2000
090 0 4 _aPL248.T363
_bN49 2000
100 1 _aTaneli, Nevbahar
245 1 0 _aNevbahar: ben artık bir tıp öğrencisiyim, ikinci kitap
_h[electronic resource] /
_cNevbahar Taneli
260 _aİzmir :
_bNevbahar Taneli Kitaplığı,
_c2000
300 _a361 p.
650 4 _aDil ve Edebiyat
650 4 _aLanguage and Literature
650 0 _aTürk anıları
650 0 _aTurkish memories
650 7 _aLITERARY COLLECTIONS / Middle Eastern
_2bisacsh
856 4 0 _uhttp://search.ebscohost.com/login.aspx?direct=true&scope=site&db=e011xww&AN=1062006
999 _c10958
_d10958